Statistiques concernant Classement 50 meilleures nations FIFA

Cliquez ici pour prendre le quiz!

Statistiques générales

  • Ce quiz a été pris 819 fois
  • Le résultat moyen est 39 sur 50

Statistiques - réponses

PlaceContinentPays% Correct
3AmériqueBrésil
100%
2EuropeFrance
100%
1AmériqueArgentine
99%
4EuropeAngleterre
97%
10EuropeEspagne
96%
8EuropePortugal
96%
5EuropeBelgique
95%
13AfriqueMaroc
95%
9EuropeItalie
94%
34AfriqueAlgérie
93%
15EuropeAllemagne
92%
11AmériqueEtats-Unis
92%
19AsieJapon
92%
7EuropePays-Bas
88%
39Europe/AsieRussie
88%
44AmériqueCanada
87%
6EuropeCroatie
87%
17AmériqueUruguay
86%
12AmériqueMexique
85%
14EuropeSuisse
85%
27OcéanieAustralie
84%
20AfriqueSénégal
84%
23EuropeSuède
83%
36AmériqueChili
81%
26AsieCorée du Sud
81%
16AmériqueColombie
80%
30EuropePologne
80%
43EuropeNorvège
79%
29AfriqueTunisie
78%
18EuropeDanemark
77%
42Europe/AsieTurquie
77%
41AfriqueCameroun
73%
35AfriqueEgypte
73%
24EuropeUkraine
72%
25EuropeAutriche
68%
22AmériquePérou
68%
32EuropeHongrie
65%
50AfriqueCôte d'Ivoire
64%
28EuropeSerbie
63%
31EuropeEcosse
59%
38AmériqueEquateur
57%
47EuropeRoumanie
57%
40AfriqueNigéria
56%
48EuropeSlovaquie
55%
46AmériqueCosta Rica
54%
21AsieIran
53%
37EuropeRépublique Tchèque
53%
33EuropePays de Galles
51%
49AfriqueMali
44%
45AmériquePanama
40%

Distribution des résultats

Percentile par nombre de réponses

% des personnes avec chaque résultat

Votre développement - résultats

Vous n’avez pas pris ce quiz